00328 a2200121 450000100060000010000150000624500220002126000210004309000170006494200220008199900190010395200840012216784 aMahmood S aDelibrate debacle abAshraf pressc c12650d12650 aNUST-CAEcMc2948 c251857d251857 001040708NFICaCAEbCAEd2017-04-03l0pCAE28278r2017-04-05w2017-04-05yBK